MARC

LEADER 00000nam0a2200000 4500
001 111658
005 20231031120936.0
035 |a (RuTPU)RU\TPU\book\120595 
090 |a 111658 
100 |a 20070319d1976 km y0rusy50 ca 
101 0 |a rus 
102 |a RU 
105 |a a z 000zy 
200 1 |a Очерки о вселенной  |f Б. А. Воронцов-Вельяминов 
205 |a 7-е изд., перераб. и доп. 
210 |a Москва  |c Наука  |d 1976 
215 |a 720 с.  |c ил. 
610 1 |a астрономия 
610 1 |a Вселенная 
610 1 |a Солнце 
610 1 |a планеты 
610 1 |a звезды 
610 1 |a метеориты 
610 1 |a туманности 
610 1 |a пульсары 
610 1 |a Земля 
610 1 |a рождение 
610 1 |a история 
610 1 |a Млечный Путь 
675 |a 523.1  |v 3 
700 1 |a Воронцов-Вельяминов  |b Б. А.  |g Борис Александрович 
801 1 |a RU  |b 63413507  |c 20070319  |g PSBO 
801 2 |a RU  |b 63413507  |c 20080128  |g PSBO 
942 |c BK